Składy reprezentacji na ZIO 2026 w skokach narciarskich - Statystyki

Ogólne statystyki
  • Ten quiz został rozwiązany 86 razy
  • Średni wynik to 39 z 50
Statystyki odpowiedzi
Reprezentacja Zawodnik Rocznik % Poprawnych
Kacper Tomasiak 2007
100%
Polska Kamil Stoch 1987
100%
Austria Stefan Kraft 1993
100%
Domen Prevc 1999
99%
Japonia Ryōyū Kobayashi 1996
99%
Słowenia Anže Lanišek 1996
96%
Paweł Wąsek 1999
96%
Austria Jan Hoerl 1998
93%
Ren Nikaidō 2001
93%
Austria Stephan Embacher 2006
93%
Andreas Wellinger 1995
91%
Szwajcaria Gregor Deschwanden 1991
90%
Timi Zajc 2000
90%
Austria Daniel Tschofenig 2002
87%
Norwegia Johann André Forfang 1995
87%
Philipp Raimund 2000
87%
Finlandia Antti Aalto 1995
84%
Estonia Artti Aigro 1999
84%
Bułgaria Władimir Zografski 1993
84%
Marius Lindvik 1998
83%
Francja Valentin Foubert 2003
83%
Niemcy Felix Hoffmann 1997
81%
Stany Zjednoczone Kevin Bickner 1996
81%
Kanada Mackenzie Boyd-Clowes 1991
80%
Pius Paschke 1990
80%
Czechy Roman Koudelka 1989
80%
Alex Insam 1997
79%
Naoki Nakamura 1996
79%
Włochy Giovanni Bresadola 2001
76%
Kristoffer Eriksen Sundal 2001
76%
Finlandia Niko Kytösaho 1999
76%
Jewhen Marusiak 2000
74%
Francesco Cecon 2001
73%
Fatih Arda İpcioğlu 1996
71%
Jason Colby 2006
71%
Felix Trunz 2006
70%
Słowacja Hektor Kapustík 2007
70%
Tate Frantz 2005
70%
Rumunia Daniel Cacina 2001
69%
Turcja Muhammed Ali Bedir 2000
67%
Sandro Hauswirth 2000
64%
Finlandia Vilho Palosaari 2004
64%
Kazachstan Ilja Miziernych 2007
63%
Francja Jules Chervet 2002
63%
Estonia Kaimar Vagul 2007
63%
Francja Enzo Milesi 2003
61%
Mihnea Spulber 2000
59%
Ukraina Witalij Kaliniczenko 1993
54%
Danił Wasiljew 2004
53%
Chiny Song Qiwu 2001
40%
Nie znaleziono quizów pasujących do podanych kryteriów
Rozkład punktacji
Procent ludzi z każdym wynikiem
Percentyl według liczby udzielonych odpowiedzi
Twoja historia wyników
Nie rozwiązałeś tego quizu